000 00387nam a2200169Ia 4500
001 10836
003 IN-NITTTR
005 20251114233101.0
008 251113s9999||||xx |||||||||||||| ||eng||
040 _beng
040 _cIN-NITTTR
041 _aeng
082 _a823 M443M
100 _aMaugham, Somerset W.
245 0 _aMerry-go-round. /
_cMaugham, Somerset W.
942 _2ddc
_cBK
999 _c13472
_d13472